| 000 | 00932cam a2200301Ma 4500 | ||
|---|---|---|---|
| 999 |
_c8475 _d8475 |
||
| 001 | 757930629 | ||
| 003 | OCoLC | ||
| 005 | 20191101164640.0 | ||
| 008 | 111017s2012 nyua 000 0 eng d | ||
| 015 |
_aGBB1C0810 _2bnb |
||
| 020 | _a9780071701945 (pbk.) | ||
| 020 | _a007170194X (pbk.) | ||
| 035 | _a.b34332042 | ||
| 035 | _a(OCoLC)757930629 | ||
| 040 |
_aUKMGB _cUKMGB _dBDX _dYDXCP |
||
| 082 | 0 | 4 |
_a362.1 _223 |
| 090 |
_aRC46 _b.E83 2012 |
||
| 100 | 1 | _aEsherick, Joseph S | |
| 245 | 1 | 0 |
_aCurrent practice guidelines in primary care 2012 / _cJoseph S. Esherick, Daniel S. Clark and Evan D. Slater |
| 260 |
_aNew York : _bMcGraw-Hill Medical ; _aLondon : _bMcGraw-Hill [distributor], _c2012 |
||
| 300 |
_axi, 337 p. : _bill. ; _c18 cm |
||
| 650 | 0 | _aPrimary care (Medicine) | |
| 650 | 0 | _aMedicine, Preventive | |
| 650 | 2 | _aPreventive Medicine | |
| 700 | 1 | _aClark, Daniel S | |
| 700 | 1 | _aSlater, Evan D | |
| 942 |
_2ddc _cBK |
||